| 000 | 00869cam a22002533a 4500 | ||
|---|---|---|---|
| 001 | 12327 | ||
| 003 | PGUSA | ||
| 005 | 20140828083247.0 | ||
| 008 | 040501s2004||||xxu|||||s|||||000 | eng d | ||
| 040 |
_aPGUSA _beng |
||
| 042 | _adc | ||
| 050 | 4 | _aTX | |
| 100 | 1 |
_aMontefiore, Judith Cohen, Lady, _d1784-1862 |
|
| 245 | 1 | 4 |
_aThe Jewish Manual : _bPractical Information in Jewish and Modern Cookery with a Collection of Valuable Recipes and Hints Relating to the Toilette _h[electronic resource] / _cJudith Cohen, Lady Montefiore |
| 260 |
_bProject Gutenberg, _c2004 |
||
| 506 | _aPublic domain in the USA. | ||
| 516 | _aElectronic text | ||
| 653 | _aBeauty, Personal | ||
| 653 | _aLondon (England) -- Social life and customs | ||
| 653 | _aJewish cooking | ||
| 830 | 0 |
_aProject Gutenberg _v12327 |
|
| 856 | 4 | 0 | _uhttp://www.gutenberg.org/ebooks/12327 |
| 942 | _cEB | ||
| 999 |
_c241582 _d241582 |
||